Las Estructuras agrarias regionales: los pequeños y medianos productores agrícola-ganaderos de la Península de Nicoya (1850-1930)
El texto analiza la estructura agraria de la región de Nicoya, desde sus inicios en el siglo XVI hasta su decadencia en las primeras décadas del siglo XX debido a políticas estatales. Desarrolla el tema a partir de una ubicaión geográfica de la región, una caracterización general de la pequeña explo...
Tallennettuna:
| Päätekijä: | |
|---|---|
| Yhteisötekijä: | |
| Aineistotyyppi: | Teksti |
| Julkaistu: |
San José:
Universidad de Costa Rica
|
| Aiheet: | |
| Tagit: |
Lisää tagi
Ei tageja, Lisää ensimmäinen tagi!
|
MARC
| LEADER | 00000 a a2200000 04500 | ||
|---|---|---|---|
| 001 | 33023 | ||
| 003 | |||
| 040 | |||
| 090 | |a 204700 | ||
| 100 | |a Sequira Ruíz, Wilder | ||
| 110 | |a Universidad de Costa Rica | ||
| 245 | |a Las Estructuras agrarias regionales: los pequeños y medianos productores agrícola-ganaderos de la Península de Nicoya (1850-1930) | ||
| 260 | |a San José: |b Universidad de Costa Rica | ||
| 300 | |a 24 p. | ||
| 520 | |a El texto analiza la estructura agraria de la región de Nicoya, desde sus inicios en el siglo XVI hasta su decadencia en las primeras décadas del siglo XX debido a políticas estatales. Desarrolla el tema a partir de una ubicaión geográfica de la región, una caracterización general de la pequeña explotación agropecuaria en la zona, el uso del suelo y el instrumental agrícola ganadero, la especialización productiva y la fuerza de trabajo, el comercio y las vías de comunicación, el desarrollo y la apropiación del suelo | ||
| 650 | |a ESTRUCTURA AGRARIA | ||
| 650 | |a SECTOR AGROPECUARIO | ||
| 650 | |a PRODUCTORES | ||
| 650 | |a ANALISIS HISTORICO | ||
| 650 | |a COSTA RICA | ||
| 999 | |c 1366 |d 1366 | ||
